000 00335nam a22001337a 4500
005 20240719094917.0
008 240719b |||||||| |||| 00| 0 eng d
020 _a0-8311-1185-2
050 _aC.1
100 _aLEVY SIDNEY
245 _aPLASTICS EXTRUSION TECHNOLOGY HANDBOOK
260 _aINDUSTRIAL PRESS
_c1989
942 _2lcc
_cBK
999 _c210697
_d210697